000 01150nam a22002897a 4500
005 20130102111136.0
008 121226t xxu||||| |||| 00| 0 hin d
010 _aHIN-97843
020 _c200.00
_a9789381063361
035 _aHN-70189
037 _bDBAD / PUB
040 _aDPL
_bHN
082 _a333.79
100 _927482
_aओझा, डी.डी.
245 _aदैनिक जीवन में लेजर के चमत्कार /
_cडी.डी.ओझा
246 _aDainik Jeevan mein Laser ke Chamatkar
_bby D.D. Ozha
260 _bग्रंथ अकादमी
_c2012
_aनई दिल्ली
270 _a1659, पुराना दरियागंज
_bनई दिल्ली
_e110002
300 1 _a144पृ.
_c22सेमी (सजिल्द)
650 _91170
650 _954593
700 _927483
710 _952094
711 _952444
942 _adpl
_cHN
_2ddc
_mओझाडी
_h333.79
999 _c72583
_d72583